000 01812cam a2200217 4500500
005 20251214020540.0
041 _afre
042 _adc
100 1 0 _aNieuviarts, Nicolas
_eauthor
700 1 0 _aGuibert, Émile
_eauthor
700 1 0 _aHoltzman, Wayne
_eauthor
700 1 0 _aKokou-Kpolou, Kossigan
_eauthor
700 1 0 _aMasson, Joanic
_eauthor
700 1 0 _aBernoussi, Amal
_eauthor
245 0 0 _aEstudio de los procesos mentales en el entorno penitenciario. Relevancia y aplicación contemporánea de la prueba de asociaciones de palabras
260 _c2025.
500 _a39
520 _aEste artículo examina la eficacia y la pertinencia de la prueba de asociaciones verbales en el contexto del seguimiento psicológico en el entorno penitenciario. En este estudio se analizaron 1700 asociaciones verbales recopiladas entre diecisiete reclusos de un centro penitenciario francés. A continuación, se compararon los resultados, utilizando técnicas estadísticas, con los obtenidos en las investigaciones de Guibert y Martin-Tur (2018) y de Jung y Riklin (1904). Esta comparación tiene como objetivo evaluar la sensibilidad de la prueba en contextos de vida significativamente diferentes. Los resultados de esta investigación ponen de relieve el papel potencial de los complejos psicoafectivos en el seguimiento psicológico de los reclusos, ya que actúan a la vez como indicadores y como elementos estructurantes del proceso asociativo. Además, la prueba de asociaciones verbales, por su carácter lúdico, también parece facilitar y aumentar el compromiso de los reclusos con el psicólogo.
786 0 _nBulletin de psychologie | 590 | 4 | 2025-10-06 | p. 3-15 | 0007-4403
856 4 1 _uhttps://shs.cairn.info/revista-bulletin-de-psychologie-2025-4-page-3?lang=es&redirect-ssocas=7080
999 _c1571064
_d1571064